[Event "Ceske Budejovice op-A"]
[Site "Ceske Budejovice"]
[Date "2025.07.05"]
[Round "8"]
[White "Van, Overloop Samuel"]
[Black "Dudarec, Elias"]
[Result "0-1"]
[WhiteElo "1772"]
[BlackElo "1928"]
[PlyCount "48"]
[EventDate "2025.06.28"]
[EventType "swiss"]
[EventRounds "9"]
[EventCountry "CZE"]
[SourceTitle "CB28_2025"]
[SourceDate "2025.07.09"]
[SourceVersion "1"]
[SourceVersionDate "2025.07.09"]
[SourceQuality "1"]

1. e4 e6 2. d4 d5 3. e5 c5 4. c3 Nc6 5. Be3 Bd7 6. Nf3 Qb6 7. Qd2 Nge7 8. Bd3 c4 9. Be2 Nf5 10. 0-0 Be7 11. g4 Nxe3 12. fxe3 h5 13. g5 0-0-0 14. a4 Na5 15. Bd1 Nb3 16. Bxb3 Qxb3 17. Ne1 Bxg5 18. Rxf7 Rdf8 19. Rxg7 Rhg8 20. Rxg8 Rxg8 21. Kh1 Bxe3 22. Qxe3 Qxb2 23. Nc2 Qxc2 24. Qd2 Qe4+ 0-1

[Event "Ceske Budejovice op-A"]
[Site "Ceske Budejovice"]
[Date "2025.07.02"]
[Round "5"]
[White "Stastna, Martina"]
[Black "Van, Overloop Samuel"]
[Result "1-0"]
[WhiteElo "1979"]
[BlackElo "1772"]
[PlyCount "35"]
[EventDate "2025.06.28"]
[EventType "swiss"]
[EventRounds "9"]
[EventCountry "CZE"]
[SourceTitle "CB28_2025"]
[SourceDate "2025.07.09"]
[SourceVersion "1"]
[SourceVersionDate "2025.07.09"]
[SourceQuality "1"]

1. e4 c5 2. Nf3 d6 3. Bb5+ Bd7 4. Bxd7+ Qxd7 5. 0-0 g6 6. c3 Bg7 7. d4 cxd4 8. cxd4 Nc6 9. Nc3 Nf6 10. Qe2 e5 11. dxe5 dxe5 12. Rd1 Qc8 13. Nd5 0-0 14. Bd2 Qg4 15. h3 Nd4 16. Nxd4 Qxe2 17. Nxf6+ Bxf6 18. Nxe2 1-0

[Event "Ceske Budejovice op-A"]
[Site "Ceske Budejovice"]
[Date "2025.06.28"]
[Round "1"]
[White "Hertlein, Irena"]
[Black "Van, Overloop Samuel"]
[Result "1-0"]
[WhiteElo "2009"]
[BlackElo "1772"]
[PlyCount "51"]
[EventDate "2025.06.28"]
[EventType "swiss"]
[EventRounds "9"]
[EventCountry "CZE"]
[SourceTitle "CB28_2025"]
[SourceDate "2025.07.09"]
[SourceVersion "1"]
[SourceVersionDate "2025.07.09"]
[SourceQuality "1"]

1. d4 Nf6 2. Nf3 e6 3. Bf4 d5 4. e3 c5 5. c3 Qb6 6. Qb3 Nc6 7. Na3 Qxb3 8. axb3 a6 9. Nb5 Kd7 10. Ng5 Nd8 11. Nc7 Ra7 12. Nb5 Ra8 13. Nc7 Ra7 14. Bb5+ axb5 15. Rxa7 Nh5 16. Nxb5 Nxf4 17. exf4 h6 18. Nf3 Nc6 19. Ne5+ Nxe5 20. fxe5 Kc6 21. Ra8 Kxb5 22. Rxc8 cxd4 23. Kd2 dxc3+ 24. bxc3 Kb6 25. Ra1 d4 26. Raa8 1-0

[Event "Ceske Budejovice op"]
[Site "Ceske Budejovice"]
[Date "2024.07.07"]
[Round "9"]
[White "Van, Overloop Samuel"]
[Black "Kavanova, Anezka"]
[Result "0-1"]
[WhiteElo "1763"]
[BlackElo "1704"]
[PlyCount "174"]
[EventDate "2024.06.29"]
[EventType "swiss"]
[EventRounds "9"]
[EventCountry "CZE"]
[SourceTitle "CBM 221 Extra"]
[Source "ChessBase"]
[SourceDate "2024.09.30"]
[SourceVersion "1"]
[SourceVersionDate "2024.09.30"]
[SourceQuality "1"]

1. d4 d5 2. Nc3 Nf6 3. Bf4 e6 4. Nb5 Bb4+ 5. c3 Ba5 6. b4 Bb6 7. a4 a5 8. e3 Nc6 9. Qb3 Nh5 10. Ne2 g5 11. Bg3 axb4 12. cxb4 Nxg3 13. hxg3 Nxb4 14. Nec3 Ba5 15. Be2 c6 16. Na3 c5 17. dxc5 Bd7 18. Nab5 Bxb5 19. Bxb5+ Nc6 20. 0-0 0-0 21. Ne2 Qe7 22. Rac1 Rfb8 23. Rfd1 Bb4 24. Qc2 Ba3 25. Rb1 Bxc5 26. Rb3 Rc8 27. Qb1 Na5 28. Rbd3 Qf6 29. Nd4 Rc7 30. Nb3 Nxb3 31. Qxb3 Rac8 32. R3d2 Ba7 33. Bd3 Bc5 34. Bb5 Bb6 35. Bd3 Ba5 36. Rc2 Rxc2 37. Bxc2 b6 38. Qd3 Qg6 39. Qxg6+ hxg6 40. Bd3 Rc3 41. e4 dxe4 42. Bxe4 Rc4 43. Bd3 Rxa4 44. Bb5 Ra2 45. f3 Bd2 46. Rb1 Bc3 47. Rd1 Bd2 48. Rb1 Be3+ 49. Kh2 Kg7 50. Bc6 Rd2 51. Bb7 Rd8 52. g4 Bf2 53. g3 Rd2 54. Kh3 b5 55. Ba6 b4 56. Bf1 Bg1 57. Bg2 Rd8 58. Bh1 Bc5 59. Rc1 Be3 60. Rb1 Bd2 61. Kg2 Ra8 62. Kh3 Ra3 63. Kg2 b3 64. Kf1 Bc3 65. Ke2 b2 66. Kd1 Be5 67. Bg2 Rd3+ 68. Ke2 Rd8 69. f4 gxf4 70. gxf4 Bc3 71. Be4 f5 72. gxf5 exf5 73. Bd3 Rh8 74. Rf1 Rh2+ 75. Rf2 Rh1 76. Rf1 Rxf1 77. Kxf1 Bd2 78. Kf2 Bxf4 79. Kf3 Bc1 80. Kg3 Kf6 81. Kf3 g5 82. Bc2 g4+ 83. Kg3 Kg5 84. Bd3 f4+ 85. Kf2 f3 86. Kg3 Bd2 87. Kf2 Kf4 0-1

[Event "Ceske Budejovice op"]
[Site "Ceske Budejovice"]
[Date "2024.07.05"]
[Round "7"]
[White "Vojtek, Pavel"]
[Black "Van, Overloop Samuel"]
[Result "1-0"]
[WhiteElo "1931"]
[BlackElo "1763"]
[PlyCount "75"]
[EventDate "2024.06.29"]
[EventType "swiss"]
[EventRounds "9"]
[EventCountry "CZE"]
[SourceTitle "CBM 221 Extra"]
[Source "ChessBase"]
[SourceDate "2024.09.30"]
[SourceVersion "1"]
[SourceVersionDate "2024.09.30"]
[SourceQuality "1"]

1. d4 Nf6 2. Nf3 d5 3. e3 c6 4. Bd3 Bg4 5. Nbd2 Qc7 6. h3 Bh5 7. b3 e6 8. Bb2 Bd6 9. Qe2 Nbd7 10. 0-0-0 c5 11. e4 cxd4 12. g4 Bg6 13. Nxd4 dxe4 14. Nxe4 Bxe4 15. Bxe4 Nxe4 16. Qxe4 Nc5 17. Qe2 0-0 18. Kb1 a6 19. h4 Rfe8 20. g5 Rad8 21. h5 Bf8 22. g6 h6 23. gxf7+ Qxf7 24. Rdg1 Rd5 25. c4 Rd7 26. Rg3 Qf4 27. Rg4 Qf6 28. Rhg1 e5 29. Rg6 Qh4 30. R6g4 Qf6 31. Rg6 Qh4 32. Nf5 Qf4 33. Nxh6+ Kh8 34. Qg4 Nd3 35. Qxd7 Qd2 36. Nf7+ Kh7 37. Rh6+ gxh6 38. Qf5# 1-0

[Event "Ceske Budejovice op"]
[Site "Ceske Budejovice"]
[Date "2024.07.04"]
[Round "6"]
[White "Van, Overloop Samuel"]
[Black "Hajicek, Matyas"]
[Result "1-0"]
[WhiteElo "1763"]
[BlackElo "1599"]
[PlyCount "85"]
[EventDate "2024.06.29"]
[EventType "swiss"]
[EventRounds "9"]
[EventCountry "CZE"]
[SourceTitle "CBM 221 Extra"]
[Source "ChessBase"]
[SourceDate "2024.09.30"]
[SourceVersion "1"]
[SourceVersionDate "2024.09.30"]
[SourceQuality "1"]

1. d4 Nf6 2. Nc3 g6 3. e4 d6 4. f3 Bg7 5. Be3 0-0 6. Qd2 e5 7. d5 Nbd7 8. g4 Nc5 9. 0-0-0 a6 10. Nge2 b5 11. Ng3 b4 12. Nb1 Rb8 13. h4 b3 14. axb3 Rxb3 15. Bxc5 Rxf3 16. g5 Ng4 17. Qg2 Rxf1 18. Qxf1 dxc5 19. Qe2 h6 20. gxh6 Bxh6+ 21. Nd2 Ne3 22. Rdg1 Bg4 23. Qf2 Nc4 24. Ngf1 f5 25. Qxc5 Be2 26. Rxg6+ Kh7 27. Qc6 Nd6 28. Rhg1 Bxf1 29. Rxh6+ Kxh6 30. Rxf1 f4 31. Nf3 Kh5 32. Rg1 Rf6 33. Rg5+ Kh6 34. Rxe5 Nxe4 35. Re6 Kh5 36. Rxf6 Nxf6 37. Qe6 Nxd5 38. Qf5+ Kh6 39. Ne5 Qf6 40. Ng4+ Kg7 41. Nxf6 Nxf6 42. Qxf4 Nd5 43. Qg5+ 1-0